000 00474nam a2200169 i 4500
001 135473
003 ES-MaACL
005 20250930063121.0
007 t|
008 070718s1904 sp ||||1| spa d
100 1 _aToral, José,
_d1874-1935
_9159961
245 1 0 _aPrimeras notas
_b: versos /
_cJosé Toral.
260 _aValladolid,
_c1904 (
_fTipografía de La libertad)
300 _a91 p. ;
_c16 cm.
852 _aES-MaACL
_jG-9485
999 _c135473
_d135473